Gigijena truda /

Uložené v:
Podrobná bibliografia
Médium: Kniha
Jazyk:Russian
Vydané: Kijev : Zdorov´ja, 1989
Vydanie:1. izd.
Edícia:Respublikanskij mežvedomstvennyj sbornik vyp. 25
Témy:
ISBN: (brož.)
Fyzický popis: 135 s.
Tagy: Pridať tag
Žiadne tagy, Buďte prvý kto otaguje tento záznam!

MARC

LEADER 00000nam a2200000 a 4500
001 000271908
005 20060912141400.0
008 060912s1989 ru e 000 0 ruso
020 |a (brož.) 
040 |a SVKKK  |b slo  |c SVKKK  |e AACR2 
041 0 |a rus 
044 |a ru  |c RU 
245 0 0 |a Gigijena truda /  |c red. Ju. I. Kundijev 
250 |a 1. izd. 
260 |a Kijev :  |b Zdorov´ja,  |c 1989 
300 |a 135 s. 
440 0 |a Respublikanskij mežvedomstvennyj sbornik  |v vyp. 25 
655 7 |a príručky  |2 SVKKKPH 
700 1 |a Kundijev, Ju. I.  |4 lso 
998 |a BK 
090 |g SCKHL  |k Sklad Pribinova 2. posch.  |a II.333463  |j 806577  |i B68021  |s Absenčne